00633cam a22002053a 45000010005000000030006000050050017000110080041000280400015000690420007000840500007000911000042000982450126001402600029002665060030002955160020003256530013003458300028003588560041003869110PGUSA20140828083208.0051001s2005||||xxu|||||s|||||000 | eng d aPGUSAbeng adc 4aPT1 aLessing, Gotthold Ephraim,d1729-178110aDie Juden :bEin Lustspiel in einem Aufzuge verfertiget im Jahre 1749.h[electronic resource] /cGotthold Ephraim Lessing bProject Gutenberg,c2005 aPublic domain in the USA. aElectronic text aComedies 0aProject Gutenbergv911040uhttp://www.gutenberg.org/ebooks/9110